Detalles MARC
| 000 -LEADER |
| fixed length control field |
01924 am a2200529 a 4500 |
| 005 - FECHA ULTIMA MODIFICACION |
| control field |
20231212100424.0 |
| 008 - CAMPO DE CONTROL (LIBRO) |
| fixed length control field |
100504s1994||||sp a f |||| 001 0 spa d |
| 020 ## - INTERNATIONAL STANDARD BOOK NUMBER |
| ISBN |
8428208964 |
| 041 ## - CODIGO DE IDIOMA |
| Código de idioma del texto/pista de sonido o título separado |
spa |
| 092 ## - SIGNATURA TOPOGRAFICA DEWEY LOCAL |
| número de clasificación |
574.8 |
| libristica |
7 |
| sección |
BIO |
| 245 ## - TITULO PROPIAMENTE DICHO |
| Título |
Biología molecular de la célula / |
| Mención de responsabilidad y remanente de la transcripción de la portada |
Bruce Alberts |
| 250 ## - MENCION DE EDICION |
| Mención de edición |
2a ed. 1a reimp. |
| Mención de responsabilidad relacionada con la ed. |
Traducción Mercé Durfort i Coll ; Miquel Llobera i Sande y Senén Vilaró Coma |
| 260 ## - PIE DE IMPRENTA |
| Lugar de publicación, distribución, etc |
Barcelona: |
| Nombre de la editorial, distribuidor, etc |
Omega; |
| Fecha de publicación |
1994. |
| 300 ## - DESCRIPCION FISICA |
| Extension |
1300 p. |
| Otros detalles físicos |
il. |
| 500 ## - NOTA GENERAL |
| Nota general |
Alberts, B. et al. (1994). Biología molecular de la célula. (2a ed.). Barcelona : Omega. |
| 590 ## - NOTAS LOCALES (RLIN) |
| Nota local |
El ejemplar N 1, inventario 197 "desaparecido". Donación de Cecilia Fontana, 2007 |
| 653 ## - TÉRMINO INDIZADO - PALABRAS CLAVES |
| Palabra clave |
Evolución de la célula |
| 653 ## - TÉRMINO INDIZADO - PALABRAS CLAVES |
| Palabra clave |
Pequeñas moléculas, energía y biosíntesis |
| 653 ## - TÉRMINO INDIZADO - PALABRAS CLAVES |
| Palabra clave |
Macromeculas: estructura, forma e información |
| 653 ## - TÉRMINO INDIZADO - PALABRAS CLAVES |
| Palabra clave |
Estudio de las células |
| 653 ## - TÉRMINO INDIZADO - PALABRAS CLAVES |
| Palabra clave |
Mecanismos genéticos básicos |
| 653 ## - TÉRMINO INDIZADO - PALABRAS CLAVES |
| Palabra clave |
Membrana plasmática |
| 653 ## - TÉRMINO INDIZADO - PALABRAS CLAVES |
| Palabra clave |
Conversión energética: mitocondrias y cloroplastos |
| 653 ## - TÉRMINO INDIZADO - PALABRAS CLAVES |
| Palabra clave |
Clasificación intracelular |
| 653 ## - TÉRMINO INDIZADO - PALABRAS CLAVES |
| Palabra clave |
Núcleo celular |
| 653 ## - TÉRMINO INDIZADO - PALABRAS CLAVES |
| Palabra clave |
Expresión génica |
| 653 ## - TÉRMINO INDIZADO - PALABRAS CLAVES |
| Palabra clave |
Citoesqueleto |
| 653 ## - TÉRMINO INDIZADO - PALABRAS CLAVES |
| Palabra clave |
Transmisión de señales entre células |
| 653 ## - TÉRMINO INDIZADO - PALABRAS CLAVES |
| Palabra clave |
Crecimiento y división celular |
| 653 ## - TÉRMINO INDIZADO - PALABRAS CLAVES |
| Palabra clave |
Adhesión celular, uniones celulares y matriz extracelular |
| 653 ## - TÉRMINO INDIZADO - PALABRAS CLAVES |
| Palabra clave |
Células germinales y fecundación |
| 653 ## - TÉRMINO INDIZADO - PALABRAS CLAVES |
| Palabra clave |
Mecanismo celulares del desarrollo |
| 653 ## - TÉRMINO INDIZADO - PALABRAS CLAVES |
| Palabra clave |
Células diferenciadas y conservación de los tejidos |
| 653 ## - TÉRMINO INDIZADO - PALABRAS CLAVES |
| Palabra clave |
Sistema inmunitario |
| 653 ## - TÉRMINO INDIZADO - PALABRAS CLAVES |
| Palabra clave |
Sistema nervioso |
| 653 ## - TÉRMINO INDIZADO - PALABRAS CLAVES |
| Palabra clave |
Celulas vegetales |
| 653 ## - TÉRMINO INDIZADO - PALABRAS CLAVES |
| Palabra clave |
Cáncer |
| 700 1# - ENTRADAS SECUNDARIAS - NOMBRE PERSONAL |
| Nombre personal |
Alberts, Bruce |
| 9 (RLIN) |
8 |
| 700 1# - ENTRADAS SECUNDARIAS - NOMBRE PERSONAL |
| Nombre personal |
Lewis, Julian. |
| 9 (RLIN) |
12 |
| 700 1# - ENTRADAS SECUNDARIAS - NOMBRE PERSONAL |
| Nombre personal |
Raff, Martin. |
| 9 (RLIN) |
13 |
| 700 1# - ENTRADAS SECUNDARIAS - NOMBRE PERSONAL |
| Nombre personal |
Roberts, Keith. |
| 9 (RLIN) |
14 |
| 700 1# - ENTRADAS SECUNDARIAS - NOMBRE PERSONAL |
| Nombre personal |
Watson, James D. |
| 9 (RLIN) |
233 |
| 700 1# - ENTRADAS SECUNDARIAS - NOMBRE PERSONAL |
| Nombre personal |
Bray, Dennis |
| 9 (RLIN) |
9 |
| 930 ## - NUMERO DE INVENTARIO |
| Número de inventario |
1815 |
| 930 ## - NUMERO DE INVENTARIO |
| Número de inventario |
301 |
| 942 ## - ADDED ENTRY ELEMENTS (KOHA) |
| Source of classification or shelving scheme |
Dewey Decimal Classification |
| Item type |
Libros |